| 000 | 00457cam a22001457a 4500 | ||
|---|---|---|---|
| 008 | 180718b1980 xxu||||| |||| 00| 0 eng d | ||
| 082 | _aB5x497 K897 | ||
| 100 | _aKrishna Moorthy, K. | ||
| 245 |
_aAfter Tito what? _cby K. Krishna Moorthy |
||
| 260 |
_aDelhi _bRadiant _c1980 |
||
| 300 | _a207p. | ||
| 650 | _aYugoslavia --Foreign relations --1945-1980. | ||
| 650 | _aYugoslavia --Politics and government --1945-1980 | ||
| 650 | _aTito, Josip Broz, 1892-1980 | ||
| 999 |
_c348762 _d348762 |
||